CCHL Teams - Statistics

General Stats
  • This quiz has been taken 6 times
  • The average score is 11 of 12
Answer Stats
Division Team Name % Correct
Robinson Kemptville 73's
100%
Yzerman Navan Grads
100%
Yzerman Ottawa Jr. Senators
100%
Robinson Pembroke Lumber Kings
100%
Robinson Renfrew Wolves
100%
Robinson Smiths Falls Bears
100%
Robinson Brockville Braves
83%
Robinson Carleton Place Canadians
83%
Yzerman Cornwall Colts
83%
Yzerman Hawkesbury Hawks
83%
Yzerman Nepean Raiders
83%
Yzerman Rockland Nationals
67%
No matching quizzes found
Score Distribution
Percent of People with Each Score
Percentile by Number Answered
Your Score History
You have not taken this quiz